000 00302pam a2200133 a 4500
020 _c
041 _h
100 _aVishwas B Sawarkar,
_eAuthor.
245 _aA Guide for Planning Wildlife Management
_hTextual Documents
250 _a1st.
260 _a[s.l]:
_bNa
300 _a335.
930 _a2348
999 _c248199
_d248199